Využitie informačných technológií v podnikoch cestovného ruchu
Využitie informačných a komunikačných technológií v podnikoch cestovného ruchu vo vybraných krajinách EÚ a na Slovenku.
Uložené v:
| Hlavný autor: | |
|---|---|
| Médium: | Kapitola |
| Jazyk: | Slovak |
| Predmet: | |
| Tagy: |
Žiadne tagy, Buďte prvý, kto otaguje tento záznam!
|
MARC
| LEADER | 00000naa$a2200000$$$4500 | ||
|---|---|---|---|
| 001 | 0045849 | ||
| 005 | 20240502071530.4 | ||
| 041 | 0 | |a slo | |
| 044 | |a SK | ||
| 245 | 1 | 0 | |a Využitie informačných technológií v podnikoch cestovného ruchu |c Dana Benešová |
| 520 | |a Využitie informačných a komunikačných technológií v podnikoch cestovného ruchu vo vybraných krajinách EÚ a na Slovenku. | ||
| 610 | 2 | 0 | |a ruch cestovný |
| 610 | 2 | 0 | |a podnik ruchu cestovného |
| 610 | 2 | 0 | |a technológie informačné |
| 610 | 2 | 0 | |a technológie komunikačné |
| 610 | 2 | 0 | |a podnikanie elektronické |
| 610 | 2 | 0 | |a Európska únia |
| 610 | 2 | 0 | |a Slovensko |
| 100 | 1 | |a Benešová, Dana, 1958- | |